| 000 | 00828am a2200301a 44500 | ||
|---|---|---|---|
| 003 | AR-BaBNM | ||
| 005 | 20251128205059.0 | ||
| 008 | 301020s1994 #AR|||||||||||000 | spa|| | ||
| 020 | _a950-526-039-3 | ||
| 040 | _cAR-BaBNM | ||
| 100 | 1 | _aLuchetti, Elena L. | |
| 245 | 1 | 0 | _aManual de lectura comprensiva |
| 250 | _a1ª ed. | ||
| 260 |
_aBuenos Aires _bCesarini _c1994 |
||
| 300 |
_a109 p. _bil., gráfs., tablas |
||
| 504 | _aBibliografía al final del libro | ||
| 650 | 4 | _aENSEÑANZA DE LA LECTURA | |
| 650 | 4 | _aDIFICULTAD EN LA LECTURA | |
| 650 | 4 | _aPROCESO DE LECTURA | |
| 650 | 4 | _aMEJORA DE LA LECTURA | |
| 650 | 4 | _aAUTOEVALUACION | |
| 650 | 4 | _aGUIA DEL DOCENTE | |
| 650 | 4 | _aACTIVIDADES DE APRENDIZAJE | |
| 653 | _aCOMPRENSION LECTORA | ||
| 700 | 1 | _aCarabel, Marta R. | |
| 942 | _cBK | ||
| 998 | _cCarmen | ||
| 999 |
_c9906 _d9906 |
||